000 00498nmm a2200157Ia 4500
008 251105s9999||||xx |||||||||||||||||und||
020 _a9788431533380
041 _aspa
100 _aÓmicron, Equipo
245 0 _aQuiromancia. Guía práctica para leer la mano
264 _a[Madrid, España] :
_bDe Vecchi,
_c[Fecha de publicación no identificada]
300 _a0 páginas
650 _aMind, body and spirituality
856 _uhttps://public.digitaliapublishing.com/a/121982
942 _cCF
999 _c81339
_d81339